000 00665nam a22001817a 4500
003 UA-OsUOA
001 17802
007 ta
008 20040326b un ||||| |||| 00| 0 ukr d
100 _aБереза Ю.
942 _cSA
040 _aUA-OsUOA
_cUA-OsUOA
_dUA-OsUOA
245 _a" Гільчанські джерела" [ - так назвав свою кн. мешканець с.Гільча-2 Здолбунів. р-ну , вчитель місцевої шк. І. Федевич]
300 _aС.3
955 _a0
773 0 _w0
_tВісті Рівненщини
_dРівне
_d2004
_g№24/12 берез./
650 7 _aКраєзнавча робота
_2UDC
999 _c303970
_d303970